El diario de ana frank /

Guardado en:
Autor Principal: Frank, Ana
Formato: Libro
Publicado: Buenos Aires : Guadal, 2009
Series:La letra del gato
Materias:
Etiquetas: Agregar Etiqueta
Sin Etiquetas, Sea el primero en etiquetar este registro!
LEADER 00678nam a22002415a 4500
001 CEM.cems013783
005 20121220164005.0
008 130507s2009##################000#0#####d
003 CEMS
020 |a 9789875797864 
082 0 4 |a 833.9 
100 1 |a Frank, Ana 
245 1 0 |a El diario de ana frank /  |c Ana Frank 
260 |a Buenos Aires :  |b Guadal,  |c 2009 
300 |a 272 p. 
490 0 |a La letra del gato 
500 |a Edición a cargo de Oscar Armayor.correción de Fernanda Ronzoni 
653 |a Literatura alemana 
653 |a Novela 
653 |a Diario 
653 |a Holocausto 
653 |a Genocidio 
859 |a CEMS  |b BIB. CEMS - 11 de abril  |h 833.9  |i F853-4  |p 26533.12  |t Ej.1